Financial decentralization, panchayati raj institutions (PRIs) and rural development in India / (Record no. 74800)
[ view plain ]
| 000 -LEADER | |
|---|---|
| fixed length control field | 01156nam a22003017a 4500 |
| 005 - DATE AND TIME OF LATEST TRANSACTION | |
| control field | 20130422152950.0 |
| 008 - FIXED-LENGTH DATA ELEMENTS--GENERAL INFORMATION | |
| fixed length control field | 130422b xxu||||| |||| 00| 0 eng d |
| 010 ## - LCCN (DPL NO) | |
| LC control number | ENG-106957 |
| 020 ## - INTERNATIONAL STANDARD BOOK NUMBER | |
| International Standard Book Number | 9788177082579 |
| Terms of availability | 535.00 |
| 035 ## - SYSTEM CONTROL NUMBER | |
| System control number | EN-90490 |
| 037 ## - SOURCE OF ACQUISITION | |
| Source of stock number/acquisition | DBAD/PUB |
| 040 ## - CATALOGING SOURCE | |
| Original cataloging agency | DPL |
| Language of cataloging | Eng |
| 082 ## - DEWEY DECIMAL CLASSIFICATION NUMBER | |
| Classification number | 354.5460072 |
| 100 ## - MAIN ENTRY--PERSONAL NAME | |
| Personal name | Azam Khan |
| 245 ## - TITLE STATEMENT | |
| Title | Financial decentralization, panchayati raj institutions (PRIs) and rural development in India / |
| Statement of responsibility, etc | by Mohd. Azam Khan [and] Tosib Alam |
| 246 ## - VARYING FORM OF TITLE | |
| Title proper/short title | Financial decentralization, PRIs and rural development in India |
| 260 ## - PUBLICATION, DISTRIBUTION, ETC. (IMPRINT) | |
| Place of publication, distribution, etc | New Delhi |
| Name of publisher, distributor, etc | New Century Publications |
| Date of publication, distribution, etc | 2011 |
| 270 ## - ADDRESS | |
| Address | 4800/24, Bharat Ram Road, Ansari Road, Darya Ganj |
| City | New Delhi |
| Postal code | 110002 |
| 300 ## - PHYSICAL DESCRIPTION | |
| Extent | xv,169p. |
| Dimensions | 23cm(Hb) |
| 500 ## - GENERAL NOTE | |
| General note | Includes bibliographical references (p. [155]-162) and index. |
| 650 ## - SUBJECT ADDED ENTRY--TOPICAL TERM | |
| Topical term or geographic name as entry element | Panchayat |z |x Finance |
| Geographic subdivision | India |
| 650 ## - SUBJECT ADDED ENTRY--TOPICAL TERM | |
| Topical term or geographic name as entry element | Rural development |
| Geographic subdivision | India. |
| 650 ## - SUBJECT ADDED ENTRY--TOPICAL TERM | |
| Topical term or geographic name as entry element | Rural development projects |
| Geographic subdivision | India. |
| 650 ## - SUBJECT ADDED ENTRY--TOPICAL TERM | |
| Topical term or geographic name as entry element | Local finance |
| Geographic subdivision | India. |
| 650 ## - SUBJECT ADDED ENTRY--TOPICAL TERM | |
| Topical term or geographic name as entry element | Decentralization in government |
| Geographic subdivision | India. |
| 700 ## - ADDED ENTRY--PERSONAL NAME | |
| Personal name | Alam, Tosib |
| 942 ## - ADDED ENTRY ELEMENTS (KOHA) | |
| Source of classification or shelving scheme | Dewey Decimal Classification |
| Item type | English Books |
| Classification part | 354.5460072 |
| Call number suffix | AZA |
| Withdrawn status | Lost status | Source of classification or shelving scheme | Damaged status | Not for loan | Collection code | Home library | Current library | Date acquired | Source of acquisition | Cost, normal purchase price | Total Checkouts | Full call number | Barcode | Date last seen | Copy number | Cost, replacement price | Koha item type |
|---|---|---|---|---|---|---|---|---|---|---|---|---|---|---|---|---|---|
| Dewey Decimal Classification | Not For Loan | Non-fiction | D.B.Act.Division | D.B.Act.Division | 22/04/2013 | DBAD/PUB | 535.00 | 354.5460072 AZA | EN-90490 | 22/04/2013 | 1 | 535.00 | English Books |
